Kammerkonzert für Klavier und Geige mit dreizehn Blasern
محفوظ في:
| المؤلف الرئيسي: | |
|---|---|
| التنسيق: | كتاب |
| اللغة: | الألمانية |
| منشور في: |
Viena
Universal Edition
1925
|
| سلاسل: | Philharmonia, 423
|
| الموضوعات: | |
| الوسوم: |
إضافة وسم
لا توجد وسوم, كن أول من يضع وسما على هذه التسجيلة!
|
MARC
| LEADER | 00000nam a2200000 a 4500 | ||
|---|---|---|---|
| 001 | UCX7880 | ||
| 003 | CL-VaPUC | ||
| 005 | 20231024104804.0 | ||
| 008 | 940111e19250000AU |||||||||||||||||ger|d | ||
| 999 | |c 227560 |d 227558 | ||
| 040 | |c Pontificia Universidad Católica de Valparaíso | ||
| 082 | 0 | 4 | |a Mn784.186 BER 1925 |2 21 |
| 100 | 0 | |a Berg, Alban |e author |9 306662 | |
| 245 | 1 | 0 | |a Kammerkonzert für Klavier und Geige mit dreizehn Blasern |
| 260 | |a Viena |b Universal Edition |c 1925 | ||
| 300 | |a 192 p | ||
| 490 | 0 | |a Philharmonia, 423 | |
| 500 | |a Con acompañamiento de 13 instrumentos de viento | ||
| 583 | |a last modification |c 19940111 00:00:00 |k Rodrigo Vera | ||
| 650 | 0 | |a Conciertos |2 CL-VaPUC |9 306377 | |
| 650 | 0 | |a Música de cámara |2 CL-VaPUC |9 306547 | |
| 650 | 0 | |a Música para violín, piano e instrumentos de viento |2 CL-VaPUC |9 324826 | |
| 650 | 0 | |a Música contemporánea |9 306742 | |
| 650 | 0 | |a Compositores austríacos |9 324827 | |
| 942 | |c BK |2 ddc | ||
| 945 | |d 19940111 00:00:00 |a nfarias | ||
| 952 | |0 0 |1 0 |2 ddc |4 0 |6 MN_784_186000000000000_BER_1925 |7 0 |8 A |9 226671 |a BIBEDU |b BIBEDU |d 2019-11-15 |i 2959127 |o Mn784.186 BER 1925 |p 2959127 |r 2023-11-22 |w 2019-11-15 |y BK |k MUS | ||